Foundations of financial management /
Guardado en:
| Autores principales: | , |
|---|---|
| Formato: | Libro |
| Lenguaje: | inglés |
| Publicado: |
Homewood :
IRWIN,
1992
|
| Edición: | 6.vyd. |
| Etiquetas: |
Sin Etiquetas, Sea el primero en etiquetar este registro!
|
MARC
| LEADER | 00000nam a22000003a 4500 | ||
|---|---|---|---|
| 001 | stu29992 | ||
| 005 | 20150617225738.2 | ||
| 008 | 951213s1992----xxu-----------------eng-d | ||
| 020 | |a 0-256-08355-X | ||
| 040 | |a STU |b slo | ||
| 041 | 0 | |a eng | |
| 044 | |a xxu | ||
| 080 | |a 658.15 | ||
| 100 | 1 | |a Block, Stanley B |4 aut | |
| 245 | 1 | |a Foundations of financial management / |c [aut]Block,Stanley B.;Hirt,Geoffrey A | |
| 250 | |a 6.vyd. | ||
| 260 | |a Homewood : |b IRWIN, |c 1992 | ||
| 300 | |a 36,700 s | ||
| 700 | 1 | |a Hirt, Geoffrey A |4 aut | |
| 996 | |b 284V026857 |c V*43693/O-18993 |l VVT |s A |a 24 |w stu29992_0001 | ||